00911nam a22002297a 450000500170000001000140001702000230003103500130005403700130006708200180008010000300009824501040012826000500023227000670028230000330034950000400038265000390042265000280046194200320048999900170052195201430053820100807134438.0 aENG-98878 a8189630121c175.00 aEN-82410 bDBAD/PUB a331.794095484 aThirunavukarasu, M.98510 aEconomics of rural artisans :breference to Vellore district of Tamil Nadu /cby M. Thirunavukarasu aNew DelhibGlobal Research Publicationsc2008 a4800/24, 1st Floor, Ansari road, Darya GanjbNew Delhie110002 aviii,54p.:bill.c22cm (pbk) aIncludes bibliographical references aArtisans-economic conditions98511 aIndia-Rayalaseema98512 2ddccENh331.794095484mTHI c40054d40054 001040718NFICaDBADbDBADd2010-08-07eDBAD/PUBg175.00l0o331.794095484 THIpEN-82410r2010-08-07 00:00:00t1v175.00w2010-08-07yEN